000 00953nam a2200325 a 4500
001 000113981
003 CHAP
005 20220329144422.0
008 171016s2015 mx |r| ||||||spa d
010 _a110442
011 _a111414
020 _a9685146012
040 _cCHAP
082 0 4 _a972.08
_bT94
100 0 0 _aTurner, John Kenneth.
_9115661
245 1 0 _aMéxico bárbaro /
_cpor John Kenneth Turner.
260 _aMéxico :
_bEdiciones Leyenda,
_c2015.
300 _a233 p.
490 _aColección clásicos
590 _aBATCH-UPD
_b05
_c20171016
_lUCH01
_h1311
590 _aE11695DGD
_b10
_c20171105
_lUCH01
_h1108
590 _aE5765TAJ
_b05
_c20171016
_lUCH01
_h1310
590 _aE5765TAJ
_b05
_c20171016
_lUCH01
_h1311
650 1 4 _aDíaz, Porfirio,
_y1830-1915.
_933693
651 4 _aMéxico
_xPolítica y gobierno
_y1867 - 1910.
_9133785
830 0 0 _aColección clásicos
_924754
901 _aBK
942 _cLIBRO
942 _n0
999 _c110442
_d110442